000 00545nam a2200193Ia 4500
003 GCL
008 140319s9999 xx 000 0 ara d
040 _aGCL /
_cGCL
082 0 4 _a270.73
_bف ى
100 1 _aفايز كارس
245 1 0 _aينابيع السعادة /
_cفايز كارس
260 _a[S.N] :
_bدار الثقافة المسيحية ،
_c1988
300 _a87 ص
490 _a
650 0 4 _aالنصرانية
650 0 4 _aالدين المسيحى
650 0 4 _aالديانة المسيحية
942 _2ddc
_cBK
999 _c52805
_d52805